|
|
|
|
| LEADER |
00000nas a2200000 a 4500 |
| 001 |
ssj0015157 |
| 003 |
WaSeSS |
| 005 |
20200512172242.0 |
| 006 |
m d |
| 007 |
cr n |
| 008 |
970818d19971999vaubx p s 0 0eng c |
| 010 |
|
|
|a sf 98092181
|z sn 98033612
|
| 035 |
|
|
|a (WaSeSS)ssj0015157
|
| 037 |
|
|
|b American Society for Training & Development, 1640 King St., Box 1443, Alexandria, VA 22313-2043
|
| 040 |
|
|
|a IOZ
|b eng
|c IOZ
|d SFR
|d TJC
|d HUL
|d DLC
|d IUL
|d OCLCQ
|d OCLCF
|d OCLCO
|d GILDS
|d OCLCO
|d WaSeSS
|
| 042 |
|
|
|a pcc
|
| 050 |
|
4 |
|a HF5549.5.T7
|b T434
|
| 130 |
0 |
|
|a Technical training (American Society for Training and Development)
|
| 245 |
1 |
0 |
|a Technical training
|h [electronic resource].
|
| 260 |
|
|
|a Alexandria, VA :
|b American Society for Training & Development,
|c c1997-
|
| 310 |
|
|
|a 6 no. a year,
|b 1998-
|
| 321 |
|
|
|a Eight no. a year,
|b 1997
|
| 362 |
0 |
|
|a Vol. 8, no. 6 (Aug./Sept. 1997)-
|
| 362 |
1 |
|
|a Ceased with v. 10, no. 6 (1999).
|z Ebsconet.
|
| 500 |
|
|
|a Title from cover.
|
| 500 |
|
|
|a "Learning technology for performance improvement."
|
| 506 |
|
|
|a License restrictions may limit access.
|
| 650 |
|
0 |
|a Employees
|x Training of
|v Periodicals.
|
| 650 |
|
0 |
|a Occupational training
|v Periodicals.
|
| 650 |
|
0 |
|a Technical education
|v Periodicals.
|
| 650 |
|
7 |
|a Employees
|x Training of.
|2 fast
|0 (OCoLC)fst00909221
|
| 650 |
|
7 |
|a Occupational training.
|2 fast
|0 (OCoLC)fst01043313
|
| 650 |
|
7 |
|a Technical education.
|2 fast
|0 (OCoLC)fst01144838
|
| 655 |
|
0 |
|a Electronic journals.
|
| 710 |
2 |
|
|a American Society for Training and Development.
|
| 780 |
0 |
0 |
|t Technical & skills training
|x 1047-8388
|w (DLC)sf 90092434
|w (OCoLC)20792331
|
| 850 |
|
|
|a DLC
|a InU
|a MH-BA
|
| 856 |
4 |
0 |
|z Full text available from Research Library: 01/01/1999 to 11/30/1999
|u https://search.proquest.com/publication/31160
|